Screwtape Propose a Toast : and Other Pieces /

Gorde:
Xehetasun bibliografikoak
Egile nagusia: Lewis, C.S (autor)
Formatua: Liburua
Hizkuntza:ingelesa
Argitaratua: Londres, Inglaterra : Fontana Books, 1965, c1965
Saila:(Fontana Religious) [s.n.]
Gaiak:
Etiketak: Etiketa erantsi
Etiketarik gabe, Izan zaitez lehena erregistro honi etiketa jartzen!

MARC

LEADER 00000nam^a2200000^a^4500
001 000183495
005 20250521000000.0
009 20260310102041.493
037 |a Acervo ITESO - Biblioteca 
041 |a ING 
082 |a 239.  |b LEW 
100 |a Lewis, C.S.  |e (autor) 
240 1 1 |a [Screwtape Proposes a Toast] 
245 1 0 |a Screwtape Propose a Toast :  |b and Other Pieces /  |c C.S. Lewis. 
264 4 |a Londres, Inglaterra :  |b Fontana Books,  |c 1965, c1965 
300 |a 126 p. 
336 |a texto  |b txt  |2 rdacontenido 
337 |a sin mediación  |b n  |2 rdamedio 
338 |a volumen  |b nc  |2 rdasoporte 
440 1 |a (Fontana Religious) [s.n.] 
649 |a XX 
650 |a Apologética 
650 |a Fe 
650 |a Creencia y Duda 
650 |a Teología 
650 |a Cristianismo -  |x Historia y Crítica 
650 |a Religión 
910 |a Fondo General 
920 |a Impresos - Libros 
930 |a Colección General 
905 |a 101 
901 |a 0500124107  |b IT1  |c ACC  |u 20250521 
902 |a https://opac.biblio.iteso.mx/vufind/Record/000183495